Statistics for Wikipedia Suggestions A-Z

Click here to take the quiz!

General Stats

  • This quiz has been taken 114 times
  • The average score is 20 of 26

Answer Stats

DescriptionAnswer% Correct
BThe largest country in both South America and Latin AmericaBrazil
96%
ECountry that is part of the United KingdomEngland
93%
UCountry mostly located in central North America, between Canada and Mexico.United States
93%
LThe capital and largest city of the United KingdomLondon
91%
IA numerical label assigned to each device connected to a computer network that uses the Internet for communication.IP Address
90%
JAn island country in East Asia located in the northwest Pacific OceanJapan
90%
MCountry in the southern portion of North America.Mexico
90%
NThe most populous city in the United States.New York City
90%
RA transcontinental country located in Eastern Europe and Northern Asia.Russia
89%
KAn American white supremacist hate group whose primary targets are African Americans as well as Jews, immigrants, leftists and members of the LGBT community,Ku Klux Klan
88%
PCountry located in Central Europe.Poland
88%
SCountry in Southwestern Europe with some pockets of territory across the Strait of Gibraltar and the Atlantic Ocean.Spain
87%
WA multilingual online encyclopedia created and maintained as an open collaboration project by a community of volunteer editorsWikipedia
86%
OFormer state and caliphate that controlled much of Southeastern Europe, Western Asia, and Northern Africa between the 14th and early 20th centuries.Ottoman Empire
83%
DThe practice of advancing clocks during warmer months so that darkness falls later each day according to the clock.{Daylight} Saving Time
81%
QQueen of the United Kingdom of Great Britain and Ireland from 20 June 1837 until her 22 January 1901.Queen Victoria
79%
CThe use of works protected by copyright law without permission for a usage where such permission is required, colloquially referred to as piracy.{Copyright} infringement
77%
XChinese politician who has served as President of the People's Republic of China since 2013Xi Jinping
77%
HMetropolitan area and special administrative region of the People's Republic of ChinaHong Kong
71%
VA game that involves interaction with a user interface to generate visual feedback on a two- or three-dimensional video display device such as a touchscreen, virtual reality headset or monitor/TV set.{Video} Game
70%
YThe orbital period of a planetary body, for example, the Earth, moving in its orbit around the Sun.Year
65%
ZPseudonym of an unidentified American serial killer who operated in Northern California from at least the late 1960s to the early 1970s.{Zodiac} Killer
62%
FA doctrine in the law of the United States that permits limited use of copyrighted material without having to first acquire permission from the copyright holder.{Fair} Use
46%
ATeam sport played with a spherical ball between two teams of 11 players.{Association} Football
45%
GA coordinate system that enables every location on Earth to be specified by a set of numbers, letters or symbols{Geographic} Coordinate system
45%
TThe name of this Grapheme came into English from Spanish and from Portuguese, which in turn came from the Latin titulus, meaning "title" or "superscription"Tilde
10%

Score Distribution

Percentile by Number Answered

Percent of People with Each Score

Your Score History

You have not taken this quiz